Microfinance / (Record no. 146886)

MARC details
000 -LEADER
fixed length control field 00516nam a22001817a 4500
005 - DATE AND TIME OF LATEST TRANSACTION
control field 20171026170258.0
010 ## - LCCN (DPL NO)
LC control number ENG-120922
020 ## - INTERNATIONAL STANDARD BOOK NUMBER
Terms of availability 895.00
International Standard Book Number 9789380033181
035 ## - SYSTEM CONTROL NUMBER
System control number EN-104454
037 ## - SOURCE OF ACQUISITION
Source of stock number/acquisition DBAD/PUB
082 ## - DEWEY DECIMAL CLASSIFICATION NUMBER
Classification number 332
100 ## - MAIN ENTRY--PERSONAL NAME
Personal name Yadav,R.J.
245 ## - TITLE STATEMENT
Title Microfinance /
Statement of responsibility, etc by R.J. Yadav
260 ## - PUBLICATION, DISTRIBUTION, ETC. (IMPRINT)
Place of publication, distribution, etc Jaipur
Name of publisher, distributor, etc Paradise Publishers
Date of publication, distribution, etc 2011
270 ## - ADDRESS
Address A-436 A, Satlaj Path, Tara Nagar "A" Jhotwara
City Jaipur
Postal code 302012
300 ## - PHYSICAL DESCRIPTION
Extent v,232p.
Dimensions 22cm(Hb)
Other physical details
942 ## - ADDED ENTRY ELEMENTS (KOHA)
Source of classification or shelving scheme Dewey Decimal Classification
Item type English Books
Call number suffix YAD
Classification part 332
Holdings
Withdrawn status Lost status Not for loan Collection code Home library Current library Date acquired Source of acquisition Cost, normal purchase price Full call number Barcode Copy number Cost, replacement price Koha item type
    Not For Loan Non-fiction D.B.Act.Division Bawana 26/10/2017 DBAD/PUB 895.00 332 YAD EN-104454 1 895.00 English Books

© Delhi Public Library
Hit Counter
free hit counter